[Event "British Columbia-ch"]
[Site "Victoria CAN"]
[Date "2014.10.13"]
[Round "6.2"]
[White "Jiganchine, Roman"]
[Black "Cao, Jason"]
[Result "1/2-1/2"]
[WhiteElo "2208"]
[BlackElo "2373"]
[PlyCount "81"]
[EventDate "2014.10.10"]
[EventType "tourn"]
[EventRounds "7"]
[EventCountry "CAN"]

1. e4 c5 2. Nf3 d6 3. d4 cxd4 4. Nxd4 Nf6 5. Nc3 a6 6. Be2 e5 7. Nb3 Be7 8. O-O
O-O 9. Be3 Be6 10. Qd2 Nbd7 11. a4 Rc8 12. a5 Qc7 13. Rfd1 h6 14. Qe1 Qc6 15.
Bf3 Nh7 16. Nc1 Ng5 17. Bxg5 Bxg5 18. Nd3 Nf6 19. g3 h5 20. h4 Bh6 21. Nb4 Qc7
22. Nbd5 Bxd5 23. Nxd5 Nxd5 24. Rxd5 Qxc2 25. Qb4 Rfd8 26. Bxh5 g6 27. Bd1 Qc4
28. Ra4 Qc1 29. Kg2 Rc7 30. h5 gxh5 31. Bxh5 Kg7 32. Ra3 Bg5 33. Rd1 Qc5 34.
Rb3 Qc2 35. Rbd3 Rh8 36. Qxd6 Rxh5 37. Qxe5+ Kh6 38. Qh8+ Kg6 39. Qg8+ Kh6 40.
Qh8+ Kg6 41. Qg8+ 1/2-1/2

[Event "British Columbia-ch"]
[Site "Victoria CAN"]
[Date "2014.10.13"]
[Round "6.3"]
[White "Sohal, Tanraj"]
[Black "Villavieja, Butch"]
[Result "0-1"]
[WhiteElo "2355"]
[BlackElo "2226"]
[PlyCount "138"]
[EventDate "2014.10.10"]
[EventType "tourn"]
[EventRounds "7"]
[EventCountry "CAN"]

1. d4 Nf6 2. c4 g6 3. Nc3 Bg7 4. e4 d6 5. Nf3 O-O 6. Be2 e5 7. O-O Nc6 8. d5
Ne7 9. Kh1 Ne8 10. Ne1 f5 11. exf5 Nxf5 12. Bd3 Nd4 13. Nc2 Nxc2 14. Qxc2 Bf5
15. Be4 Kh8 16. f3 Rc8 17. Be3 a6 18. Qb3 b6 19. Qa4 Ra8 20. Qc2 Rb8 21. a4 a5
22. Qd2 Qc8 23. Rae1 Nf6 24. Bg5 Nd7 25. Qd1 Nc5 26. Be3 Na6 27. g4 Bd7 28. Qd2
Rf7 29. b3 Qf8 30. Kg2 Qe7 31. Rh1 Nc5 32. Bxc5 bxc5 33. Nb5 Rf4 34. h3 Rbf8
35. Qd3 Bc8 36. Kf1 Bh6 37. Ke2 R8f7 38. Kd1 Qh4 39. Nc3 Rf8 40. Ne2 R4f7 41.
Ref1 Bf5 42. Nc3 Qg3 43. Rhg1 Qf4 44. Kc2 Qh2+ 45. Kb1 Bxe4 46. fxe4 Be3 47.
Rh1 Qg2 48. Rd1 Bd4 49. Ne2 Rf3 50. Qc2 Rf2 51. Rhe1 R8f3 52. Rd2 Re3 53. Rg1
Rf1+ 54. Rxf1 Qxf1+ 55. Nc1 Re1 56. Rxd4 exd4 57. Qd2 Rd1 58. Qg5 Qd3+ 59. Ka1
Qc3+ 60. Kb1 Qxb3+ 61. Ka1 Qxa4+ 62. Kb2 Qb4+ 63. Nb3 Rf1 64. Qd8+ Kg7 65.
Qxc7+ Rf7 66. Qxd6 Rf2+ 67. Kc1 Qc3+ 68. Kd1 Qc2+ 69. Ke1 Qe2# 0-1

[Event "British Columbia-ch"]
[Site "Victoria CAN"]
[Date "2014.10.13"]
[Round "6.4"]
[White "Doknjas, Joshua"]
[Black "Yoos, John"]
[Result "1/2-1/2"]
[WhiteElo "2215"]
[BlackElo "2371"]
[PlyCount "99"]
[EventDate "2014.10.10"]
[EventType "tourn"]
[EventRounds "7"]
[EventCountry "CAN"]

1. e4 c5 2. Nf3 e6 3. b3 Nc6 4. Bb5 Nf6 5. e5 Nd5 6. Bxc6 bxc6 7. Bb2 Be7 8.
O-O f6 9. c4 Nf4 10. d3 O-O 11. g3 Ng6 12. exf6 Bxf6 13. Bxf6 Qxf6 14. Nbd2 e5
15. Kg2 d5 16. Qe2 Bf5 17. h4 Rfe8 18. Rae1 Bg4 19. Qe3 Qd6 20. Qg5 Qe6 21. Rh1
h6 22. Qe3 Qf5 23. cxd5 cxd5 24. Qxc5 Rad8 25. Qe3 Re7 26. Ng1 Qf6 27. h5 Nh8
28. f3 Bf5 29. g4 Bc8 30. Ne2 Nf7 31. Ng3 Rde8 32. Ne2 Qa6 33. a4 d4 34. Qf2
Qxd3 35. Ng3 Ng5 36. Nge4 Nxe4 37. Nxe4 Qxb3 38. g5 hxg5 39. h6 Qe6 40. Rh5 g6
41. Rh2 Bb7 42. Nxg5 Qg4+ 43. Qg3 Qxg3+ 44. Kxg3 Rf8 45. Rhe2 Rf5 46. Kg4 Re8
47. Rc2 Bc8 48. Kh4 d3 49. Rc7 Ref8 50. Rg7+ 1/2-1/2

[Event "British Columbia-ch"]
[Site "Victoria CAN"]
[Date "2014.10.13"]
[Round "7.1"]
[White "Yoos, John"]
[Black "Wu, Howard"]
[Result "1/2-1/2"]
[WhiteElo "2371"]
[BlackElo "2224"]
[PlyCount "22"]
[EventDate "2014.10.10"]
[EventType "tourn"]
[EventRounds "7"]
[EventCountry "CAN"]

1. e4 c5 2. Nc3 Nc6 3. g3 g6 4. Bg2 Bg7 5. d3 d6 6. f4 e6 7. Nf3 Nge7 8. O-O
O-O 9. Be3 Nd4 10. Rb1 Rb8 11. g4 f5 1/2-1/2

[Event "British Columbia-ch"]
[Site "Victoria CAN"]
[Date "2014.10.13"]
[Round "7.2"]
[White "Villavieja, Butch"]
[Black "Doknjas, Joshua"]
[Result "1-0"]
[WhiteElo "2226"]
[BlackElo "2215"]
[PlyCount "41"]
[EventDate "2014.10.10"]
[EventType "tourn"]
[EventRounds "7"]
[EventCountry "CAN"]

1. e4 c5 2. Nf3 d6 3. d4 cxd4 4. Nxd4 Nf6 5. Nc3 a6 6. Bc4 e6 7. Bb3 Be7 8. O-O
O-O 9. f4 b5 10. f5 b4 11. Na4 e5 12. Ne2 Bb7 13. Ng3 Nxe4 14. Nxe4 Bxe4 15.
Qg4 Bc6 16. Bh6 Bf6 17. Bxg7 Bg5 18. f6 h6 19. Bxh6 Kh7 20. Qxg5 Rg8 21. Bg7
1-0

[Event "British Columbia-ch"]
[Site "Victoria CAN"]
[Date "2014.10.13"]
[Round "7.3"]
[White "Cao, Jason"]
[Black "Sohal, Tanraj"]
[Result "1/2-1/2"]
[WhiteElo "2373"]
[BlackElo "2355"]
[PlyCount "95"]
[EventDate "2014.10.10"]
[EventType "tourn"]
[EventRounds "7"]
[EventCountry "CAN"]

1. e4 c5 2. Nf3 Nc6 3. d4 cxd4 4. Nxd4 Nf6 5. Nc3 e6 6. Ndb5 d6 7. Bf4 e5 8.
Bg5 a6 9. Na3 b5 10. Nd5 Qa5+ 11. Bd2 Qd8 12. c4 Nxd5 13. cxd5 Ne7 14. Bd3 g6
15. O-O Bg7 16. Nc2 O-O 17. a4 bxa4 18. Rxa4 f5 19. Qe2 fxe4 20. Bxe4 Bb7 21.
Qd3 a5 22. Rfa1 Qb6 23. Be3 Qc7 24. Qd2 Rfc8 25. Na3 Nf5 26. Nc4 Nd4 27. Bxd4
exd4 28. Nxa5 Qc5 29. Nc6 Kh8 30. Rxa8 Rxa8 31. Rxa8+ Bxa8 32. Qc2 Qxc2 33.
Bxc2 d3 34. Bxd3 Bxb2 35. f4 Bc1 36. g3 Kg7 37. Kf2 Kf6 38. Kf3 h6 39. g4 g5
40. f5 Bf4 41. h4 Bxc6 42. dxc6 d5 43. h5 Ke7 44. Ke2 Kd6 45. Bb5 Be5 46. Kd3
Bf6 47. Kc2 Kc7 48. Kb3 1/2-1/2

[Event "British Columbia-ch"]
[Site "Victoria CAN"]
[Date "2014.10.13"]
[Round "7.4"]
[White "Doknjas, John"]
[Black "Jiganchine, Roman"]
[Result "1/2-1/2"]
[WhiteElo "2234"]
[BlackElo "2208"]
[PlyCount "39"]
[EventDate "2014.10.10"]
[EventType "tourn"]
[EventRounds "7"]
[EventCountry "CAN"]

1. d4 d5 2. c4 dxc4 3. Nf3 Nf6 4. e3 e6 5. Bxc4 a6 6. O-O b5 7. Bb3 Bb7 8. Qe2
c5 9. a4 Nbd7 10. Nbd2 Qb6 11. axb5 axb5 12. Rxa8+ Bxa8 13. Bc2 Be7 14. b3 O-O
15. Bb2 Rc8 16. Bd3 Bc6 17. Rc1 Qb7 18. Ba3 Qb6 19. Ng5 b4 20. Bb2 1/2-1/2

[Event "British Columbia-ch Senior"]
[Site "Vancouver CAN"]
[Date "2014.06.21"]
[Round "3"]
[White "Richardson, Ross"]
[Black "Kagaoan, Jose"]
[Result "0-1"]
[WhiteElo "1923"]
[BlackElo "2085"]
[PlyCount "110"]
[EventDate "2014.06.20"]
[EventType "swiss"]
[EventRounds "5"]
[EventCountry "CAN"]

1. d4 e6 2. c4 b6 3. Nc3 g6 4. Nf3 Bb7 5. Bg5 f6 6. Bh4 a6 7. e3 Bg7 8. Bd3 Ne7
9. e4 d6 10. h3 Nd7 11. Qd2 O-O 12. Rb1 Qe8 13. b4 e5 14. d5 f5 15. Qc2 Nf6 16.
Bxf6 Bxf6 17. h4 Bc8 18. Nd2 f4 19. c5 Nf5 20. exf5 e4 21. Ncxe4 gxf5 22. Kf1
fxe4 23. Bxe4 Qe7 24. c6 Bg4 25. h5 Rae8 26. f3 Bc8 27. Nb3 Kh8 28. Qd3 Rg8 29.
Rd1 Qg7 30. Qc2 Re5 31. Re1 Qg3 32. Qf2 Qxf2+ 33. Kxf2 Reg5 34. Reg1 Bc3 35. a3
a5 36. bxa5 bxa5 37. a4 Ba6 38. Rh2 Rb8 39. Rb1 Rb4 40. Rh4 Bc4 41. Nxa5 Rxb1
42. Bxb1 Bxa5 43. Rxf4 Bxd5 44. Be4 Bxe4 45. Rxe4 Rxh5 46. Rc4 Kg7 47. g4 Bb6+
48. Kg3 Rc5 49. Rxc5 Bxc5 50. a5 Kf6 51. Kf4 h6 52. Ke4 Ke6 53. f4 d5+ 54. Kd3
Kd6 55. f5 Kxc6 0-1

[Event "British Columbia-ch Senior"]
[Site "Vancouver CAN"]
[Date "2014.06.22"]
[Round "4"]
[White "Kagaoan, Jose"]
[Black "Ganjian, Enuyat"]
[Result "1-0"]
[WhiteElo "2085"]
[BlackElo "1879"]
[PlyCount "55"]
[EventDate "2014.06.20"]
[EventType "swiss"]
[EventRounds "5"]
[EventCountry "CAN"]

1. f4 d5 2. Nf3 Nf6 3. e3 c5 4. b3 Nc6 5. Bb5 a6 6. Bxc6+ bxc6 7. Ne5 Qc7 8.
Bb2 g6 9. Nc3 Bg7 10. Na4 Nd7 11. O-O Nxe5 12. fxe5 Bxe5 13. Bxe5 Qxe5 14. Nxc5
O-O 15. Qf3 d4 16. Nd3 Qd6 17. e4 Be6 18. Qf4 Rfd8 19. Qh6 f5 20. Rf4 Rf8 21.
Rh4 Rf7 22. e5 Qc7 23. Re1 Rg7 24. Rxd4 c5 25. Nf4 Bf7 26. Rd3 c4 27. Rg3 cxb3
28. Nh5 1-0

[Event "British Columbia-ch Senior"]
[Site "Vancouver CAN"]
[Date "2014.06.22"]
[Round "4"]
[White "Leblanc, Paul"]
[Black "Burke, Paul"]
[Result "1-0"]
[WhiteElo "1768"]
[BlackElo "2048"]
[PlyCount "63"]
[EventDate "2014.06.20"]
[EventType "swiss"]
[EventRounds "5"]
[EventCountry "CAN"]

1. d4 Nf6 2. c4 c5 3. d5 e6 4. Nc3 exd5 5. cxd5 d6 6. e4 g6 7. Bd3 Bg7 8. h3
O-O 9. Nf3 Na6 10. O-O Nc7 11. Bf4 Re8 12. Re1 Nh5 13. Bh2 a6 14. a4 b6 15. Qd2
Bb7 16. g4 Nf6 17. Qf4 Bf8 18. Nd2 Qe7 19. Re2 b5 20. axb5 axb5 21. Rxa8 Rxa8
22. Nxb5 Ra1+ 23. Kg2 Ba6 24. Nxc7 Bxd3 25. Re3 c4 26. e5 Nxg4 27. hxg4 Qxc7
28. exd6 Qd7 29. Ne4 Bxe4+ 30. Rxe4 Ra6 31. Qf6 Qb5 32. Be5 1-0

[Event "British Columbia-ch Senior"]
[Site "Vancouver CAN"]
[Date "2014.06.22"]
[Round "5"]
[White "Soliven, Joe"]
[Black "Kagaoan, Jose"]
[Result "1/2-1/2"]
[WhiteElo "1936"]
[BlackElo "2085"]
[PlyCount "91"]
[EventDate "2014.06.20"]
[EventType "swiss"]
[EventRounds "5"]
[EventCountry "CAN"]

1. Nf3 b6 2. g3 g6 3. Bg2 Bb7 4. O-O Bg7 5. c4 d6 6. Nc3 e6 7. Rb1 Ne7 8. d3 h6
9. Bd2 Nd7 10. Qc1 g5 11. Ne1 Bxg2 12. Nxg2 e5 13. e4 f5 14. b4 f4 15. g4 Nf6
16. f3 h5 17. h3 hxg4 18. hxg4 Qd7 19. Qd1 Rh3 20. Kf2 Kf7 21. Rh1 Rah8 22.
Rxh3 Rxh3 23. Nd5 Ng6 24. Nxf6 Bxf6 25. c5 dxc5 26. Qb3+ Kg7 27. Qc4 cxb4 28.
Bxb4 c5 29. Bc3 Nh4 30. Nxh4 Rxh4 31. Kg2 Rh8 32. a4 Kg6 33. Rh1 Rxh1 34. Kxh1
Qf7 35. Kg1 Qxc4 36. dxc4 Kf7 37. a5 Ke6 38. axb6 axb6 39. Kf2 Kd7 40. Ke2 Kc6
41. Kd3 b5 42. Bb2 Kb6 43. Kc3 Bd8 44. Kb3 Bc7 45. Bc3 Bd6 46. Bb2 1/2-1/2

[Event "CAN-ch Amateur"]
[Site "Kitchener CAN"]
[Date "2014.08.02"]
[Round "2"]
[White "Knechtel, Tim"]
[Black "Supsup, Ferdinand"]
[Result "0-1"]
[WhiteElo "1707"]
[BlackElo "1855"]
[PlyCount "126"]
[EventDate "2014.08.01"]
[EventType "swiss"]
[EventRounds "7"]
[EventCountry "CAN"]

1. Nf3 d5 2. d4 Bf5 3. e3 e6 4. a3 c5 5. c4 Nf6 6. Nc3 Nbd7 7. Qb3 Nb6 8. Ne5
cxd4 9. exd4 dxc4 10. Qb5+ Nfd7 11. Nxc4 a6 12. Qb3 Nxc4 13. Bxc4 b5 14. Be2
Nb6 15. Be3 Be7 16. Bf3 Rb8 17. Bc6+ Nd7 18. d5 O-O 19. d6 Bf6 20. Ba7 Rc8 21.
Bb7 Nc5 22. Bxc5 Rxc5 23. O-O Qxd6 24. Ne4 Bxe4 25. Bxe4 Qe5 26. Qe3 Rc4 27.
Rae1 Qxb2 28. Re2 Qc3 29. Bd3 Ra4 30. Ra2 Rd8 31. Rd1 g6 32. Qf3 b4 33. Rc2 Qe5
34. Re2 Qd4 35. Re4 Qb2 36. axb4 Ra3 37. g3 Qc3 38. Re3 Bg5 39. Bxg6 Rxd1+ 40.
Kg2 Qf6 41. Bxh7+ Kxh7 42. Qxf6 Bxf6 43. Rxa3 Rd6 44. f4 Rb6 45. Kf3 Be7 46.
Ra4 Bxb4 47. Ke4 Bd6 48. f5 e5 49. Kd5 Kg7 50. Rh4 Be7 51. Re4 Kf6 52. g4 Rb5+
53. Kc6 Rb4 54. Kd5 Rxe4 55. Kxe4 a5 56. h4 a4 57. g5+ Kg7 58. Kxe5 a3 59. f6+
Bxf6+ 60. gxf6+ Kg6 61. h5+ Kxh5 62. Kd6 Kg5 63. Ke7 Kg6 0-1

[Event "CAN-ch Amateur"]
[Site "Kitchener CAN"]
[Date "2014.08.03"]
[Round "5"]
[White "Supsup, Ferdinand"]
[Black "Elez, Matija"]
[Result "1-0"]
[WhiteElo "1855"]
[BlackElo "1966"]
[PlyCount "101"]
[EventDate "2014.08.01"]
[EventType "swiss"]
[EventRounds "7"]
[EventCountry "CAN"]

1. d4 Nf6 2. Bf4 e6 3. e3 d5 4. c4 Bd6 5. Bg5 Be7 6. Bf4 Bd6 7. Bg5 Be7 8. Nc3
c6 9. Qb3 Qb6 10. c5 Qxb3 11. axb3 Nbd7 12. b4 b5 13. Nf3 Ne4 14. Bf4 f6 15.
Bd3 Nxc3 16. bxc3 Bd8 17. Nd2 a5 18. bxa5 e5 19. Bg3 e4 20. Be2 Rxa5 21. O-O
O-O 22. Bd6 Re8 23. Nb3 Rxa1 24. Rxa1 Nf8 25. Ra8 Bd7 26. Ra7 Be6 27. h3 g6 28.
g4 g5 29. Kg2 Ng6 30. Na1 Be7 31. Bg3 Rc8 32. Nc2 Kf7 33. Nb4 Ke8 34. f4 Bd7
35. f5 Nf8 36. h4 h6 37. h5 Kd8 38. Kf1 Be8 39. Ke1 Bd7 40. Kd2 Be8 41. Kc2 Bd7
42. Kb3 Ke8 43. Na6 Bd8 44. Kb4 Be7 45. Bd1 Bd8 46. Bb3 Be7 47. Nc7+ Kd8 48.
Ka5 Nh7 49. Ka6 Nf8 50. Na8 Ke8 51. Nb6 1-0

[Event "CAN-ch Seniors 65+"]
[Site "Kitchener CAN"]
[Date "2014.08.02"]
[Round "3"]
[White "Frilles, Ruperto"]
[Black "Doubleday, William"]
[Result "1-0"]
[WhiteElo "1959"]
[BlackElo "2203"]
[PlyCount "47"]
[EventDate "2014.08.01"]
[EventType "swiss"]
[EventRounds "6"]
[EventCountry "CAN"]

1. c4 Nf6 2. Nc3 e5 3. e4 Nc6 4. g3 g6 5. Bg2 Bg7 6. d3 d6 7. h3 Be6 8. Nge2
Qd7 9. Be3 h6 10. Qd2 O-O-O 11. Nd5 Ne8 12. b4 Kb8 13. b5 Nd4 14. Bxd4 exd4 15.
Nef4 h5 16. Nxe6 fxe6 17. Nb4 h4 18. g4 Qf7 19. O-O Nf6 20. Qe2 Nd7 21. f4 Rdf8
22. e5 dxe5 23. Qe4 Nc5 24. Na6+ 1-0

[Event "CAN-ch Seniors 65+"]
[Site "Kitchener CAN"]
[Date "2014.08.03"]
[Round "5"]
[White "Doubleday, William"]
[Black "Willis, Bradley"]
[Result "1/2-1/2"]
[WhiteElo "2203"]
[BlackElo "2024"]
[PlyCount "95"]
[EventDate "2014.08.01"]
[EventType "swiss"]
[EventRounds "6"]
[EventCountry "CAN"]

1. d4 d5 2. c4 e6 3. Nc3 Nf6 4. Nf3 Be7 5. Bf4 O-O 6. e3 c5 7. cxd5 exd5 8.
dxc5 Bxc5 9. Be5 Be7 10. Nd4 Nc6 11. Nxc6 bxc6 12. Bd3 Bd6 13. Bg3 Ng4 14. Qc2
f5 15. O-O Bxg3 16. hxg3 Qg5 17. Be2 Rf6 18. f4 Qh5 19. Bxg4 Qxg4 20. Rf3 Qh5
21. Na4 Qe8 22. Nc5 Rd6 23. Rd1 Qe7 24. Rd3 Rb8 25. Rb3 Rb6 26. Qc3 Qf6 27.
Qxf6 Rxf6 28. Rf1 Rxb3 29. axb3 Rf7 30. Ra1 Rc7 31. Ra4 Kf7 32. b4 Ke7 33. Kf2
Kd6 34. Ke2 a6 35. Kd3 Ra7 36. Kd4 Ra8 37. Ra5 Rb8 38. Kc3 Ra8 39. Ra3 Ra7 40.
Kd4 Ra8 41. Ra1 Rb8 42. Kc3 Ra8 43. Ra5 Ra7 44. Nb3 Re7 45. Kd3 Rb7 46. Ra4 Rf7
47. Ra1 Rb7 48. Ra4 1/2-1/2

[Event "CAN-ch University"]
[Site "Ottawa CAN"]
[Date "2014.01.11"]
[Round "2"]
[White "Gladstone, Simon"]
[Black "Pace, Christopher"]
[Result "0-1"]
[WhiteElo "2231"]
[BlackElo "2208"]
[PlyCount "96"]
[EventDate "2014.01.11"]
[EventType "team"]
[EventRounds "5"]
[EventCountry "CAN"]
[WhiteTeam "Queen's"]
[BlackTeam "Brock"]

1. e4 e5 2. Nf3 Nc6 3. Bc4 Be7 4. O-O Nf6 5. Re1 O-O 6. c3 d6 7. h3 Na5 8. Bf1
c5 9. d4 Qc7 10. d5 b6 11. Na3 a6 12. Bg5 b5 13. b4 Nb7 14. Qd2 h6 15. Bh4 g5
16. Bg3 Nh5 17. Bh2 c4 18. Be2 Nf4 19. Bxf4 gxf4 20. g3 f5 21. exf5 Rxf5 22. g4
Rf7 23. Qc2 Rg7 24. Nd2 h5 25. Kh2 Bh4 26. Ne4 hxg4 27. hxg4 Qf7 28. Bf3 Qg6
29. Qe2 Bd7 30. Rg1 Rf8 31. Nd2 Nd8 32. Rg2 Nf7 33. Qe4 Qh6 34. Kg1 Ng5 35. Qe2
Nxf3+ 36. Qxf3 Qg6 37. Qe4 f3 38. Qxg6 Rxg6 39. Rh2 Rxg4+ 40. Kh1 Bg5 41. Re1
Bf5 42. Nab1 Rf7 43. Nf1 Bd3 44. Ng3 e4 45. Nf1 Bf4 46. Rh3 Rg2 47. Nfd2 Rxf2
48. Rg1+ Rg7 0-1

[Event "CAN-ch University"]
[Site "Ottawa CAN"]
[Date "2014.01.12"]
[Round "4"]
[White "Hounanian, Serge"]
[Black "Sturt, Raven"]
[Result "0-1"]
[WhiteElo "1861"]
[BlackElo "2331"]
[PlyCount "70"]
[EventDate "2014.01.11"]
[EventType "team"]
[EventRounds "5"]
[EventCountry "CAN"]

1. d4 Nf6 2. c4 c5 3. d5 e6 4. Nc3 exd5 5. cxd5 d6 6. Nf3 g6 7. e4 Bg7 8. Be2
Bg4 9. O-O a6 10. a4 O-O 11. Nd2 Bxe2 12. Qxe2 Nbd7 13. Nc4 Nb6 14. h3 Re8 15.
Bg5 Nxc4 16. Qxc4 Qc7 17. f4 Nd7 18. f5 Bd4+ 19. Kh1 f6 20. Bf4 g5 21. Bh2 Be5
22. Bg1 Qa5 23. Nd1 b5 24. Qe2 bxa4 25. Ne3 Qb5 26. Qh5 Bxb2 27. Rfb1 Bxa1 28.
Rxb5 axb5 29. Ng4 Re7 30. Bh2 a3 31. Bxd6 a2 32. Nh6+ Kg7 33. Bxe7 Be5 34.
Bxf6+ Nxf6 35. Qxg5+ Kf8 0-1

[Event "CAN-ch University"]
[Site "Ottawa CAN"]
[Date "2014.01.12"]
[Round "4"]
[White "Kleinman, Michael"]
[Black "Mai, Lloyd"]
[Result "1-0"]
[WhiteElo "2365"]
[BlackElo "2326"]
[PlyCount "109"]
[EventDate "2014.01.11"]
[EventType "team"]
[EventRounds "5"]
[EventCountry "CAN"]

1. e4 g6 2. d4 Bg7 3. Nc3 d6 4. Nf3 Nd7 5. Be3 Ngf6 6. h3 e5 7. dxe5 dxe5 8.
Bc4 O-O 9. Qe2 c6 10. a4 Qc7 11. O-O b6 12. Rfd1 Nh5 13. Qd2 Ndf6 14. Qd6 Qb7
15. g4 Ne8 16. Qd2 Nhf6 17. Nxe5 Nxe4 18. Nxe4 Bxe5 19. Bd4 Qe7 20. Qh6 Bxd4
21. Rxd4 Qe5 22. Rad1 Qg7 23. Qxg7+ Nxg7 24. Nf6+ Kh8 25. Bxf7 Bxg4 26. hxg4
Rxf7 27. Rd8+ Rf8 28. Rxa8 Rxa8 29. Rd7 g5 30. Rf7 c5 31. b3 a6 32. Kg2 b5 33.
a5 Rc8 34. Kf3 c4 35. bxc4 bxc4 36. c3 Ra8 37. Ke4 Rd8 38. Ke5 Ra8 39. Ke4 Rd8
40. Kf3 Rd3+ 41. Ke2 Rd8 42. Ke1 Rc8 43. Kd2 Rd8+ 44. Kc2 Rb8 45. Kc1 Rd8 46.
Kb2 Rb8+ 47. Ka2 Ra8 48. Ka3 Rb8 49. Ka4 Ra8 50. Kb4 Rc8 51. f3 h6 52. Ra7 Rf8
53. Rxa6 h5 54. Nxh5 Rb8+ 55. Rb6 1-0

[Event "CAN-ch University"]
[Site "Ottawa CAN"]
[Date "2014.01.12"]
[Round "5"]
[White "Chung, Kevin"]
[Black "Dumont, Felix"]
[Result "1-0"]
[WhiteElo "2271"]
[BlackElo "2044"]
[PlyCount "111"]
[EventDate "2014.01.11"]
[EventType "team"]
[EventRounds "5"]
[EventCountry "CAN"]
[WhiteTeam "Waterloo"]
[BlackTeam "McGill B"]

1. e4 c5 2. Nf3 d6 3. d4 cxd4 4. Nxd4 Nf6 5. Nc3 Nc6 6. Be2 e5 7. Nb3 Be7 8.
O-O O-O 9. f4 a5 10. Be3 a4 11. Nd2 d5 12. exd5 Nxd5 13. Nxd5 Qxd5 14. Bc4 Qa5
15. f5 Bc5 16. Qe2 Qb6 17. Bxc5 Qxc5+ 18. Kh1 b5 19. Bd3 f6 20. Bxb5 Nd4 21.
Qc4+ Qxc4 22. Bxc4+ Kh8 23. Bd3 Rd8 24. Rad1 Kg8 25. c3 Nxf5 26. Bxf5 Bxf5 27.
Rxf5 Ra7 28. Rf2 Rad7 29. Re2 Rb7 30. Rb1 Rd3 31. a3 f5 32. Kg1 e4 33. Kf1 e3
34. Nc4 f4 35. Rbe1 g5 36. Ne5 Rd8 37. Nf3 g4 38. Nd4 Rf7 39. Kg1 Rd5 40. Rf1
h5 41. Nc2 h4 42. g3 hxg3 43. hxg3 f3 44. Rxe3 Rh5 45. Re4 Rg7 46. Ne3 Rh3 47.
Rxg4 Rxg4 48. Nxg4 Rxg3+ 49. Kf2 Rxg4 50. Kxf3 Rg7 51. Ke3 Rg4 52. Rf4 Rg2 53.
Rf2 Rg4 54. Kd3 Kg7 55. c4 Kg6 56. Kc3 1-0

[Event "CAN-ch University"]
[Site "Ottawa CAN"]
[Date "2014.01.12"]
[Round "5"]
[White "MacKinnon, Keith"]
[Black "Gonsalves, Ryan"]
[Result "1-0"]
[WhiteElo "2300"]
[BlackElo "1662"]
[PlyCount "57"]
[EventDate "2014.01.11"]
[EventType "team"]
[EventRounds "5"]
[EventCountry "CAN"]
[WhiteTeam "McGill A"]
[BlackTeam "McMaster"]

1. e4 c5 2. Nf3 d6 3. d4 cxd4 4. Nxd4 Nf6 5. Nc3 g6 6. Be3 Bg7 7. f3 Nc6 8. Qd2
O-O 9. O-O-O Nxd4 10. Bxd4 Be6 11. Kb1 Qc7 12. g4 Rfc8 13. h4 Qa5 14. a3 Rab8
15. h5 b5 16. h6 Bh8 17. g5 Nd7 18. Bxh8 Kxh8 19. Qd4+ Ne5 20. f4 b4 21. Nb5
bxa3 22. fxe5 Ba2+ 23. Kxa2 Rxc2 24. exd6+ f6 25. Qxa7 Qxa7 26. Nxa7 Rbxb2+ 27.
Kxa3 Ra2+ 28. Kb4 Rab2+ 29. Ka5 1-0

[Event "CAN-ch University U1800"]
[Site "Ottawa CAN"]
[Date "2014.01.12"]
[Round "5"]
[White "Giamberardino, Antonio"]
[Black "Vulcosavljevic, Sanja"]
[Result "0-1"]
[WhiteElo "1286"]
[BlackElo "1230"]
[PlyCount "84"]
[EventDate "2014.01.11"]
[EventType "team"]
[EventRounds "5"]
[EventCountry "CAN"]
[WhiteTeam "Ottawa Law"]
[BlackTeam "UofT B"]

1. e4 e5 2. Nf3 Nc6 3. Bc4 h6 4. O-O Nf6 5. d4 exd4 6. Nxd4 Nxe4 7. Re1 d5 8.
Nxc6 bxc6 9. Bd3 Bf5 10. Nc3 Qh4 11. Nxe4 Bxe4 12. Qf3 Be7 13. Bxe4 dxe4 14.
Rxe4 Qf6 15. Qxf6 gxf6 16. Bf4 f5 17. Re2 Kd7 18. Rd1+ Bd6 19. c4 c5 20. Red2
Kc6 21. Bxd6 cxd6 22. Rxd6+ Kb7 23. Rd7+ Ka6 24. R1d6+ Ka5 25. Rxf7 Rhe8 26. f4
Kb4 27. b3 Re2 28. Rxh6 Rxa2 29. Rxf5 Rd8 30. Rd5 Re8 31. h3 Re1+ 32. Kh2 Ree2
33. Rg6 Rf2 34. f5 a5 35. f6 Ra1 36. Kg3 Raf1 37. h4 Rxf6 38. h5 Rf8 39. h6 Rh8
40. Rb6+ Kc3 41. Rxc5 Rg8+ 42. Kh3 Rh1# 0-1

[Event "CAN-op"]
[Site "Montreal CAN"]
[Date "2014.07.19"]
[Round "1"]
[White "Ramachandran, Karthik"]
[Black "Perez Rodriguez, Luis Manuel"]
[Result "0-1"]
[WhiteElo "2153"]
[BlackElo "2387"]
[PlyCount "44"]
[EventDate "2014.07.19"]
[EventType "swiss"]
[EventRounds "9"]
[EventCountry "CAN"]

1. d4 d5 2. c4 c6 3. cxd5 cxd5 4. Nc3 Nc6 5. Bf4 e5 6. dxe5 d4 7. Ne4 Qa5+ 8.
Nd2 Nge7 9. g3 h6 10. h4 Ng6 11. Ngf3 Ncxe5 12. Nxe5 Nxe5 13. Bxe5 Qxe5 14. Bg2
d3 15. Qa4+ Bd7 16. Qe4 Qxe4 17. Bxe4 dxe2 18. Kxe2 O-O-O 19. Rac1+ Kb8 20.
Rhd1 Bb4 21. Nc4 Rhe8 22. Kf3 Bg4+ 0-1

[Event "CAN-op"]
[Site "Montreal CAN"]
[Date "2014.07.19"]
[Round "1"]
[White "Sevian, Samuel"]
[Black "Cao, Jason"]
[Result "1-0"]
[WhiteElo "2464"]
[BlackElo "2177"]
[PlyCount "71"]
[EventDate "2014.07.19"]
[EventType "swiss"]
[EventRounds "9"]
[EventCountry "CAN"]

1. e4 c5 2. Nf3 d6 3. Bb5+ Nd7 4. c3 Ngf6 5. Qe2 a6 6. Ba4 e5 7. O-O Be7 8. d4
cxd4 9. cxd4 b5 10. Bc2 Bb7 11. a3 O-O 12. Nc3 Re8 13. d5 Rc8 14. Bd2 Nb6 15.
b3 Nfd7 16. Rac1 f5 17. exf5 Nxd5 18. Ne4 h6 19. b4 N5f6 20. Bb3+ d5 21. Rxc8
Qxc8 22. Rc1 Qa8 23. Ng3 Bd6 24. Nh4 Nb6 25. Nh5 Qd8 26. Rc3 e4 27. Rh3 Nc4 28.
Bxc4 bxc4 29. Ng6 Bc8 30. Bc3 Bxf5 31. Nxf6+ gxf6 32. Rxh6 d4 33. Qh5 Qc8 34.
Rh8+ Kf7 35. Ne5+ Ke7 36. Qf7+ 1-0

[Event "CAN-op"]
[Site "Montreal CAN"]
[Date "2014.07.20"]
[Round "3"]
[White "Sevian, Samuel"]
[Black "Fleitas, Yuleikys"]
[Result "1-0"]
[WhiteElo "2464"]
[BlackElo "2163"]
[PlyCount "105"]
[EventDate "2014.07.19"]
[EventType "swiss"]
[EventRounds "9"]
[EventCountry "CAN"]

1. d4 d5 2. Nf3 Nf6 3. g3 Bf5 4. Bg2 e6 5. O-O Nbd7 6. b3 Be7 7. c4 c6 8. Bb2
h6 9. Nfd2 O-O 10. Nc3 Bg6 11. Rc1 Qa5 12. a3 dxc4 13. Nxc4 Qa6 14. e4 Rfd8 15.
Qe2 Nb6 16. Rfd1 Bh5 17. f3 Nfd7 18. g4 Bg6 19. f4 Re8 20. Qf2 Nxc4 21. bxc4 e5
22. fxe5 Bg5 23. Rc2 Qxc4 24. Re1 Qe6 25. Bf3 Qe7 26. Rd1 Nb6 27. Be2 Nd5 28.
exd5 Bxc2 29. d6 Qe6 30. Rf1 Rf8 31. h4 Bd8 32. Bf3 Qb3 33. Rc1 Bh7 34. Bd1 Qe6
35. Na4 Bb6 36. Rc3 Be4 37. Re3 Bd5 38. Qf5 g6 39. Qf4 Kg7 40. Bc2 f6 41. Nc5
Bxc5 42. exf6+ Qxf6 43. Qxf6+ Rxf6 44. dxc5 g5 45. Re7+ Bf7 46. Bb3 Rf8 47.
Bxf7 R8xf7 48. d7 Rxe7 49. Bxf6+ Kxf6 50. hxg5+ hxg5 51. d8=Q Kf7 52. Kf2 Re5
53. Qd7+ 1-0

[Event "CAN-op"]
[Site "Montreal CAN"]
[Date "2014.07.21"]
[Round "4"]
[White "Perez, Rodney"]
[Black "Foisor, Sabina"]
[Result "1/2-1/2"]
[WhiteElo "2357"]
[BlackElo "2234"]
[PlyCount "61"]
[EventDate "2014.07.19"]
[EventType "swiss"]
[EventRounds "9"]
[EventCountry "CAN"]

1. e4 e6 2. d4 d5 3. Nc3 Bb4 4. Nge2 dxe4 5. a3 Be7 6. Nxe4 Nd7 7. Qd3 Ngf6 8.
Bf4 Nxe4 9. Qxe4 Nf6 10. Qf3 O-O 11. O-O-O c6 12. Nc3 Qa5 13. Bd3 Bd7 14. Ne4
Nxe4 15. Qxe4 f5 16. Qe5 b5 17. Qc7 Qxc7 18. Bxc7 Rac8 19. Be5 c5 20. dxc5 Bxc5
21. Rd2 Bc6 22. Re1 a5 23. Bf1 Rfd8 24. Red1 Be7 25. Rxd8+ Rxd8 26. Rxd8+ Bxd8
27. b4 axb4 28. axb4 Be7 29. c3 Kf7 30. Kd2 g5 31. g3 1/2-1/2